| 000 | 01445nam a22002897a 4500 | ||
|---|---|---|---|
| 001 | 382 | ||
| 003 | OSt | ||
| 005 | 20250404104832.0 | ||
| 008 | 250404b |||||||| |||| 00| 0 eng d | ||
| 020 | _a9788573413045 | ||
| 040 | _bpor | ||
| 041 | _apor | ||
| 082 |
_a133.93 _bL939a |
||
| 100 |
_aLucius _c(espirito) _9796 |
||
| 245 |
_aO amor jamais te esquece / _cLucius (espirito) ; Psicografado por André Luiz de Andrade Ruiz |
||
| 250 | _a14 ed. | ||
| 260 |
_aAraras _bIDE _c2009 |
||
| 300 | _a418 p. | ||
| 520 | _aEmpolgante romance que nos remete aos luminosos momentos vividos pela humanidade ao tempo de Jesus, envolvendo o senador Públio Lentulus, sua esposa Lívia, Zacarias, Fúlvia e Pilatos, dentre outros. Por meio de seus dramas e experiências, o leitor sentirá que, apesar de todas as nossas quedas e erros, o Amor nunca nos abandona ao desamparo, ajudando-nos a sair dos abismos escuros onde somos projetados por nossa ignorância. Primeiro volume da trilogia que inclui A Força da Bondade e Sob as Mãos da Misericórdia. As obras têm leitura independente e enredo próprio, mas as personagens se relacionam entre si pelos laços de existências anteriores. | ||
| 650 | 0 |
_aLiteratura Brasileira _9205 |
|
| 650 | 0 |
_aReencarnação _9793 |
|
| 650 | 0 |
_aPsicografias _9485 |
|
| 650 | 0 |
_aCristianismo na visão espirita _9798 |
|
| 655 | 0 |
_aRomance _923 |
|
| 700 | 1 |
_aRuíz, André Luiz, _d1962- _9797 |
|
| 942 |
_2ddc _n0 _cBK |
||
| 999 |
_c382 _d382 |
||